5HLuxD.jpg

KING HENRY VIII SENIOR AND PRIMARY SCHOOL LIBRARY OPAC

Cultural traditions in China / (Record no. 1319)

000 -LEADER
fixed length control field 01708cam a2200409 a 4500
001 - CONTROL NUMBER
control field 17138108
003 - CONTROL NUMBER IDENTIFIER
control field OSt
005 - DATE AND TIME OF LATEST TRANSACTION
control field 20221228121259.0
008 - FIXED-LENGTH DATA ELEMENTS--GENERAL INFORMATION
fixed length control field 120127s2012 onca j 001 0 eng
010 ## - LIBRARY OF CONGRESS CONTROL NUMBER
LC control number 2012003075
016 ## - NATIONAL BIBLIOGRAPHIC AGENCY CONTROL NUMBER
Record control number 20129006661
020 ## - INTERNATIONAL STANDARD BOOK NUMBER
International Standard Book Number 9780778775911 (pbk. : alk. paper)
035 ## - SYSTEM CONTROL NUMBER
System control number (OCoLC)ocn719431133
040 ## - CATALOGING SOURCE
Original cataloging agency DLC
Language of cataloging eng
Transcribing agency DLC
Modifying agency BTCTA
-- BDX
-- BKX
-- NLC
-- YDXCP
-- MLY
-- CO2
-- DLC
042 ## - AUTHENTICATION CODE
Authentication code pcc
-- lcac
043 ## - GEOGRAPHIC AREA CODE
Geographic area code a-cc---
082 00 - DEWEY DECIMAL CLASSIFICATION NUMBER
Classification number 394.26951 PEP
Edition number 23
100 1# - MAIN ENTRY--PERSONAL NAME
Personal name Peppas, Lynn.
Relator term Author
245 10 - TITLE STATEMENT
Title Cultural traditions in China /
Statement of responsibility, etc. Lynn Peppas.
260 ## - PUBLICATION, DISTRIBUTION, ETC.
Place of publication, distribution, etc. St. Catherines, ON ;
-- New York :
Name of publisher, distributor, etc. Crabtree,
Date of publication, distribution, etc. c2012.
300 ## - PHYSICAL DESCRIPTION
Extent 32 p. :
Other physical details col. ill. ;
Dimensions 29 cm.
490 1# - SERIES STATEMENT
Series statement Cultural traditions in my world
500 ## - GENERAL NOTE
General note Includes index.
505 0# - FORMATTED CONTENTS NOTE
Formatted contents note Welcome to China -- Chinese festivals and holidays -- Family occasions -- Chinese New Year -- Lantern Festival -- International Women's Day -- Arbor Day -- Qing Ming Festival -- May Day -- Children's Day -- Dragon Boat Festival -- Mid-Autumn Day -- Chong Yang Festival -- National Day.
520 ## - SUMMARY, ETC.
Summary, etc. Introduces the festivals and holidays of China.
530 ## - ADDITIONAL PHYSICAL FORM AVAILABLE NOTE
Additional physical form available note Issued also in electronic format.
650 #0 - SUBJECT ADDED ENTRY--TOPICAL TERM
Topical term or geographic name entry element Holidays
Geographic subdivision China
Form subdivision Juvenile literature.
650 #0 - SUBJECT ADDED ENTRY--TOPICAL TERM
Topical term or geographic name entry element Festivals
Geographic subdivision China
Form subdivision Juvenile literature.
650 #1 - SUBJECT ADDED ENTRY--TOPICAL TERM
Topical term or geographic name entry element Holidays
Geographic subdivision China.
650 #1 - SUBJECT ADDED ENTRY--TOPICAL TERM
Topical term or geographic name entry element Festivals
Geographic subdivision China.
651 #0 - SUBJECT ADDED ENTRY--GEOGRAPHIC NAME
Geographic name China
General subdivision Social life and customs
Form subdivision Juvenile literature.
651 #1 - SUBJECT ADDED ENTRY--GEOGRAPHIC NAME
Geographic name China
General subdivision Social life and customs.
830 #0 - SERIES ADDED ENTRY--UNIFORM TITLE
Uniform title Cultural traditions in my world.
906 ## - LOCAL DATA ELEMENT F, LDF (RLIN)
a 7
b cbc
c orignew
d 1
e ecip
f 20
g y-gencatlg
942 ## - ADDED ENTRY ELEMENTS (KOHA)
Source of classification or shelving scheme
Koha item type Books - Non Ficton
Holdings
Withdrawn status Lost status Source of classification or shelving scheme Damaged status Not for loan Collection code Permanent Location Current Location Shelving location Date acquired Total Checkouts Full call number Barcode Date last seen Date last checked out Price effective from Koha item type
          Non-Fiction KH8 Primary School Library KH8 Primary School Library Non Fiction 2022-12-28 6 394.26951 PEP KHPL000003097 2026-03-19 2025-05-27 2022-12-28 Books - Non Ficton

Powered By KH8 IT Dept